Slide away oasis all lyrics - Statistics

General Stats
  • This quiz has been taken 358 times
  • The average score is 286 of 340
Answer Stats
lyrics % Correct
a
100%
i
100%
(i)
100%
slide
99%
you
99%
(you)
99%
away
98%
to
98%
the
97%
all
96%
(all)
96%
and
95%
(and)
95%
do
95%
me
95%
(me)
95%
way
95%
got
93%
it
93%
now
93%
(now)
93%
give
92%
of
92%
who
92%
in
91%
today
91%
we
91%
know
89%
(know)
89%
say
89%
dont
88%
(dont)
88%
where
88%
what
87%
dream
86%
my
86%
things
86%
we'll
85%
youve
85%
are
84%
baby
84%
mine
84%
(mine)
84%
together
84%
be
83%
from
83%
find
82%
top
82%
let
81%
one
81%
that
81%
wonder
81%
youre
79%
sun
77%
with
77%
can
76%
(can)
76%
chasing
76%
morning
76%
fly
75%
but
74%
fell
74%
shines
73%
(try)
71%
kind
70%
saying
70%
two
68%
hold
67%
down
62%
(take)
62%
need
61%
(there)
59%
tried
59%
(care)
58%
done
58%
said
58%
feet
57%
ive
57%
off
57%
were
57%
we've
56%
please
55%
growing
54%
(is)
54%
asleep
53%
old
53%
worlds
53%
knocked
50%
talk
50%
oh
45%
praying
44%
just
42%
(make)
18%
(wanna)
16%
No matching quizzes found
Score Distribution
Percent of People with Each Score
Percentile by Number Answered
Your Score History
You have not taken this quiz